Les Competències municipals en matèria d'immigració i la incidència de la legislació d'estrangeria sobre els municipis : informe / informe /
Descripción Física:
80 pàgines ; 30 cm
Otros Autores:
Camós Victòria, Ignasi
Idioma:
Catalán
MARC
| LEADER | 00000nam a2200000uc 4500 | ||
|---|---|---|---|
| 001 | 25013501 | ||
| 008 | s2005||||sp ||||gr|||| ||| ||cat|d | ||
| 040 | |a BGR |b cat | ||
| 100 | |a Rojo Torrecilla, Eduardo |9 43710 | ||
| 245 | 1 | 4 | |a Les Competències municipals en matèria d'immigració i la incidència de la legislació d'estrangeria sobre els municipis : |b informe / |c elaborat per: Eduardo Rojo Torrecilla i Ignasi Camós Victòria |
| 260 | |a Barcelona : |b Diputació. Àrea d'Igualtat i Ciutadania, |c 2005 | ||
| 300 | |a 80 pàgines ; |c 30 cm | ||
| 650 | 1 | 0 | |a Emigració i immigració |x Dret i legislació |9 28030 |
| 650 | 1 | 0 | |a Competència (dret) |9 10181 |
| 700 | |a Camós Victòria, Ignasi |9 43712 | ||
| 710 | |a Barcelona (Catalunya : Província). |b Àrea d'Igualtat i Ciutadania |9 7840 | ||
| 942 | |c ARXIU |2 udc |n 1 | ||
| 952 | |0 0 |1 0 |4 0 |6 BIB746 |7 0 |9 62595 |a Arxiu |b Arxiu |d 2022-06-30 |l 0 |o Bib-746 |p 26108 |r 2022-06-30 00:00:00 |w 2022-06-30 |y ARXIU |z Donatiu BGR | ||
| 999 | |c 25004 |d 25004 | ||